Principles of taxation for business and investment planning : For business and investment planning 2009
Principles of Taxation for Business and Investment Planning, by Jones and Rhodes-Catanach is a different approach to the study of taxation from the traditional tax return preparation approach. This book teaches students to recognize the role taxes play in business and investment decisions. In additi...
Guardado en:
| Autor principal: | |
|---|---|
| Formato: | Libro |
| Lenguaje: | Undetermined |
| Publicado: |
Boston
McGra-Hill
2009
|
| Materias: | |
| Etiquetas: |
Agregar Etiqueta
Sin Etiquetas, Sea el primero en etiquetar este registro!
|
| Thư viện lưu trữ: | Trung tâm Học liệu Trường Đại học Cần Thơ |
|---|
| LEADER | 01389nam a2200217Ia 4500 | ||
|---|---|---|---|
| 001 | CTU_172147 | ||
| 008 | 210402s9999 xx 000 0 und d | ||
| 020 | |c 2.62 | ||
| 082 | |a 336.2 | ||
| 082 | |b J79 | ||
| 100 | |a Jones, Sally M. | ||
| 245 | 0 | |a Principles of taxation for business and investment planning : | |
| 245 | 0 | |b For business and investment planning 2009 | |
| 245 | 0 | |c Sally M. Jones, Shelley C. Rhoades-Catanach | |
| 260 | |a Boston | ||
| 260 | |b McGra-Hill | ||
| 260 | |c 2009 | ||
| 520 | |a Principles of Taxation for Business and Investment Planning, by Jones and Rhodes-Catanach is a different approach to the study of taxation from the traditional tax return preparation approach. This book teaches students to recognize the role taxes play in business and investment decisions. In addition, the book presents the general role of taxation and its implications across all taxpaying entities before discussing the details relevant to specific entities. This approach allows students to really grasp the fundamental concepts that are the foundation for specific tax rules. The benefit is that the students will understand the framework of the tax system, even though specific tax rules and regulations change from year to year. | ||
| 650 | |a Thuế trong kinh doanh,Taxation of business | ||
| 904 | |i Anh Thư | ||
| 980 | |a Trung tâm Học liệu Trường Đại học Cần Thơ | ||